书目信息 |
| 题名: |
材料力学
|
|
| 作者: | 蔡怀崇 , 闵行 主编 | |
| 分册: | ||
| 出版信息: | 西安 西安交通大学出版社 2004.02 |
|
| 页数: | 352页 | |
| 开本: | 23cm | |
| 丛书名: | ||
| 单 册: | ||
| 中图分类: | TB301 | |
| 科图分类: | ||
| 主题词: | 材料力学--高等学校--教材 | |
| 电子资源: | ||
| ISBN: | 7-5605-1819-2 | |
| 000 | 00866nam0 2200253 450 | |
| 001 | 010231876282 | |
| 005 | 20050926083436.64 | |
| 010 | @a7-5605-1819-2@dCNY25.00 | |
| 100 | @a20050720d2004 km y0chiy0120 ea | |
| 101 | 0 | @achi |
| 102 | @aCN@b610000 | |
| 105 | @aa a 000yy | |
| 200 | 1 | @a材料力学@Acai liao li xue@f蔡怀崇, 闵行主编@Fcai huai chong,min xing zhu bian |
| 210 | @a西安@c西安交通大学出版社@d2004.02 | |
| 215 | @a352页@c图@d23cm | |
| 320 | @a有书目 (第353页)。 | |
| 330 | @a本书注重理论联系工程实际,并注意反映现代强度设计的新方法,对材料力学基本概念、基本理论进行全面介绍,并提供了典型例题、练习题。 | |
| 333 | @a西安交通大学"十五"规划教材 | |
| 606 | 0 | @a材料力学@x高等学校@x教材 |
| 690 | @aTB301@v4 | |
| 701 | 0 | @a蔡怀崇@Acai huai chong@4主编 |
| 701 | 0 | @a闵行@Amin xing@4主编 |
| 801 | 0 | @aCN@bQSSK@c20050926 |
| 905 | @a10447@dTB301@eC030 | |
| 材料力学/蔡怀崇, 闵行主编.-西安:西安交通大学出版社,2004.02 |
| 352页:图;23cm |
| 使用对象:西安交通大学"十五"规划教材 |
| ISBN 7-5605-1819-2:CNY25.00 |
| 本书注重理论联系工程实际,并注意反映现代强度设计的新方法,对材料力学基本概念、基本理论进行全面介绍,并提供了典型例题、练习题。 |
| ● |
| 相关链接 |
|
|
|
正题名:材料力学
索取号:TB301/C030
 
预约/预借
| 序号 | 登录号 | 条形码 | 馆藏地/架位号 | 状态 | 备注 |
| 1 | 527423 | 205274237 | 自科库501/501自科库 10排2列5层/ [索取号:TB301/C030] | 在馆 | |
| 2 | 527424 | 205274246 | 自科库501/501自科库 10排2列5层/ [索取号:TB301/C030] | 在馆 | |
| 3 | 527425 | 205274255 | 自科库501/501自科库 10排2列5层/ [索取号:TB301/C030] | 在馆 |